zpět

Detail výsledku týmu

Lidové sady, Liberec

Datum a čas kvízu

29 Celkem bodů Celkový počet nahraných bodů na tomto kvízu bez doplňovacích otázek.
12. Pořadí na kvízu Konečné umístění týmu na tomto kvízu.

Zaznamenané odpovědi

# Otázka Odpověď Body Výsledky
1. Hlavní město Praha spouští nov... 0
2. Manželka amerického prezidenta... 1
3. V pondělí byl neznámými útoční... 1
4. Firma, patřící do holdingu Agr... 0
5. Žádné překvapení se nekonalo,... 0.5
6. Podíváme se na zvířata, která... 1
7. Na území kterého státu žije vě... 1
8. Asi málokoho překvapí, že druh... 1
9. Menší kočkovitá šelma margay,... 1
10. Svět je opravdu plný paradoxů.... 0